000 00863nam0a22002531 4500
001 rc\3037924
005 20250806201841.0
035 _a(NLR Aleph) 007178383
090 _a12448
_c12448
100 _a20111004d1942 u y0rusy50 ca
101 0 _arus
102 _aRU
105 _ay z |||||
200 1 _aСтенографический отчет
_fШестая сессия Верховного совета ТССР 26-27 янв. 1942
210 _aАшхабад
_cВерховный Совет ТССР
_d1942
215 _a34, [2] с.
_d23 см
710 1 2 _aТССР
_bВерховный Совет
_bСозыв
_bСессия
_c1
_d6
801 0 _aRU
_bNLR
_gpsbo
801 1 _aRU
_bELAR
_2rusmarc
852 _aNLR
_jИр66 Г-6/14
942 _cBOOK
945 _aРоссийская национальная библиотека
980 _aNB
980 _aBV